Las monarquías helenísticas: I, el Egipto de los Lágidas

Saved in:
Bibliografiske detaljer
Hovedforfatter: Lozano Velilla, Arminda (autora)
Format: Bog
Sprog:spansk
Udgivet: Madrid Akal 1989
Serier:Akal. Historia del Mundo Antiguo, 31
Fag:
Tags: Tilføj Tag
Ingen Tags, Vær først til at tagge denne postø!

MARC

LEADER 00000nam a2200000 a 4500
001 UCX4592
003 CL-VaPUC
008 920617e19890000SP |||||||||||||||||spa|d
082 0 4 |a 932.02  |b LOZ  |2 21 
100 |a Lozano Velilla, Arminda  |e autora  |9 467383 
245 1 4 |a Las monarquías helenísticas: I, el Egipto de los Lágidas 
300 |a 55 p 
942 |c BK 
945 |d 19920617 00:00:00 
260 |a Madrid  |b Akal  |c 1989 
650 0 |a Historia  |9 255047 
651 0 |a Egipto   |9 268199 
583 |a last modification  |c 19920617 00:00:00  |k Rodrigo Vera 
490 0 |a Akal. Historia del Mundo Antiguo, 31 
999 |c 225020  |d 225018 
952 |0 0  |1 0  |4 0  |6 932_020000000000000_LOZ_1989  |7 0  |8 A  |9 222173  |a BIBHIS  |b BIBHIS  |d 2019-11-15  |i 2910136  |l 2  |o 932.02 LOZ 1989  |p 2910136  |r 2025-01-20  |s 2024-03-18  |w 2019-11-15  |y BK  |k HIS